000 01000nam a2200301 i 4500
001 000039298
003 DO-SdBNP
005 20240302073950.0
007 ta
008 130621s2013 dr r 000 0 spa d
020 _a9789945074802
040 _aDO-SdBNP
_bspa
_cBNPHU
_erda
082 _bC343b
_222
100 1 _aCassá, Roberto,
_d1948-
_910888
245 1 0 _aBiografías sumarias de los diputados de Santo Domingo en las cortes españolas /
_cRoberto Cassá.
264 1 _aSanto Domingo :
_bArchivo General de la Nación,
_c2013.
300 _a85 páginas
_c24 cm.
336 _2rdacontent
_atexto
_btxt
337 _2rdamedia
_asin mediación
_bn
338 _2rdacarrier
_avolumen
_bnc
490 1 _aArchivo General de la Nación
_v188
500 _aIncluye datos biográficos del autor en la solapa de la cubierta
500 _aIncluye referencias bibliográficas
504 _aBibliografía p: 73-74
590 _aInventariado, 2023/ YL
910 _aYLockward
942 _2ddc
_cLBS1
999 _c38788
_d38788